| 000 | 00781nam a2200217 i 4500 | ||
|---|---|---|---|
| 001 | 129711 | ||
| 003 | ES-MaACL | ||
| 005 | 20250328123814.0 | ||
| 007 | t| | ||
| 008 | 070703s1917 sp |||| | spa d | ||
| 100 | 1 |
_aZorrilla, José, _d1817-1893 _9118354 |
|
| 245 | 1 | 0 |
_aPoesías de Zorrilla / _cJosé Zorrilla. |
| 260 |
_aValladolid : _bAyuntamiento, _c1917 ( _fImp. Castellana) |
||
| 300 |
_a61 p. ; _c18 cm. |
||
| 530 | _aDisponible en formato digital. | ||
| 710 | 1 |
_aValladolid. _bAyuntamiento. _97541 |
|
| 852 |
_aES-MaACL _j1548-F-14 _9134446 _cDEPOF _zRevisado enlace: 28 de Marzo de 2025. |
||
| 856 |
_uhttp://bibliotecadigital.jcyl.es/i18n/consulta/registro.cmd?id=24111 _yBiblioteca Digital de Castilla y León |
||
| 942 | _2udc | ||
| 999 |
_c129711 _d129711 |
||